| 000 | 00841 a2200253 4500 | ||
|---|---|---|---|
| 999 |
_c3636 _d3636 |
||
| 020 | _a9780415998994 (hbk) | ||
| 020 | _a0415998999 (hbk) | ||
| 020 | _a9780415999007 (pbk) | ||
| 020 | _a0415999006 (pbk) | ||
| 050 | 0 | 0 | _aPN4784.23 GOL 2010 |
| 100 |
_aGolan, Guy J . _eeditor |
||
| 245 | 0 | 0 |
_aInternational media communication in a global age : _cedited by Guy J. Golan, Thomas J. Johnson, and Wayne Wanta. |
| 264 |
_aNew York : _bRoutledge, _c2010 |
||
| 300 |
_avii, 480 p. : _bill. |
||
| 500 | _aincludes index. | ||
| 504 | _aIncludes bibliographical references. | ||
| 650 | 0 | _aForeign news. | |
| 650 | 0 | _aCommunication, International. | |
| 650 | 0 | _aJournalism | |
| 650 | 0 |
_aJournalism _xPolitical aspects. |
|
| 700 | 1 |
_aJohnson, Thomas J., _d1960- _eeditor |
|
| 700 | 1 |
_aWanta, Wayne. _eeditor |
|
| 942 |
_2lcc _cBK _h4784 _iGOL _kPN |
||